header

The geopolitics of security in the Americas (Record no. 3400)

MARC details
000 -LEADER
fixed length control field 01467nam a2200349 a 4500
082 04 - DEWEY DECIMAL CLASSIFICATION NUMBER
Classification number 327.7308
100 1# - MAIN ENTRY--AUTHOR NAME
Personal name Sicker, Martin.
245 14 - TITLE STATEMENT
Title The geopolitics of security in the Americas
260 ## - PUBLICATION, DISTRIBUTION, ETC. (IMPRINT)
Place of publication Westport, Conn. :
Name of publisher Praeger,
Year of publication 2002.
300 ## - PHYSICAL DESCRIPTION
Number of Pages 186 p.
650 #0 - SUBJECT ADDED ENTRY--TOPICAL TERM
Topical Term Geopolitics
Topical Term Geopolitics
Topical Term National security
Topical Term International relations
856 40 - ELECTRONIC LOCATION AND ACCESS
Uniform Resource Identifier http://site.ebrary.com/lib/rucke/Doc?id=10005694

No items available.

© 2026 Rongo University
Contact us: librarian | system librarian | Rongo university